000 00859nam a2200253Ia 4500
003 OSt
005 20220930063518.0
006 a|||||r|||| 00| 0
007 ta
008 220926b |||||||| |||| 00| 0 eng d
024 _a2926
037 _cTheses
040 _aCRL
_cCRL
_beng
041 _2eng
_aeng
100 _aAlagesan
_9523066
110 _aUniversity of Delhi. Faculty of Medical Sciences. Department of Anaesthesiology
_9519568
245 0 _aEffects of various anaesthetic techniques on blood loss in medical termination of pregnancy
260 _c1981
650 _aANESTHETICS
_9519569
700 _a Dr N G Lall Joseph Supervisor
_9523067
700 _aUniversity of Delhi. Faculty of Medical Sciences. Department of Anaesthesiology
_9519571
942 _cDIS
_2CC
999 _c856932
_d856932